| 000 | 00713cam9a220022900 4500 | ||
|---|---|---|---|
| 001 | tmp15374573 | ||
| 003 | UPRA | ||
| 005 | 20190819100518.0 | ||
| 008 | 950801s1966 nyu eng u | ||
| 035 | _a(Sirsi) r86997 | ||
| 035 | _a(UPRA)tmp15374573 | ||
| 040 | _cUPRA | ||
| 100 | 1 |
_aTanford, Charles, 1921- _dTanford, Charles, 1921- _6A46396.1 |
|
| 245 | 1 | 0 | _aPhysical chemistry of macromolecules. |
| 260 |
_aNew York : _bJ. Wiley, _c[1966] |
||
| 500 | _aFirst published in 1961. | ||
| 504 | _aIncludes bibliographical references. | ||
| 650 | 0 |
_aMacromolecules. _6S1944.1 |
|
| 650 | 0 |
_aChemistry, Physical and theoretical. _6S517.1 |
|
| 949 |
_aQD471 _wlcc _i-121144 _mMAIN _tBOOK _lON-SHELF |
||
| 004 | 86997 | ||
| 999 |
_c100991 _d100991 |
||